[Event "FSGM April"]
[Site "Budapest HUN"]
[Date "2001.04.07"]
[Round "12"]
[White "Hoang Thanh Trang"]
[Black "Kritz,L"]
[Result "0-1"]
[WhiteElo "2465"]
[BlackElo "2427"]

1.d4 Nf6 2.c4 e6 3.Nc3 Bb4 4.Qc2 O-O 5.a3 Bxc3+ 6.Qxc3 b6 7.Bg5 Bb7 8.Nf3 d6
9.Nd2 Nbd7 10.f3 d5 11.e3 Re8 12.Bd3 h6 13.Bh4 e5 14.O-O e4 15.fxe4 dxe4
16.Bc2 Qe7 17.b4 Rac8 18.Nb3 g5 19.Be1 Nh5 20.d5 c6 21.dxc6 Rxc6 22.Rd1 Ne5
23.Rd4 Nf6 24.Nd2 Re6 25.Nxe4 Bxe4 26.Bxe4 Neg4 27.Bf5 Rxe3 28.Qd2 Re2 29.Qd3 Rxe1
30.Bxg4 Rxf1+ 31.Qxf1 Qe3+ 32.Qf2 Nxg4 33.Qxe3 Nxe3 34.Rd7 Nxc4 35.Rxa7 Re3
36.a4 Rb3 37.a5 Rxb4 38.a6 Ra4 39.Rc7 Kg7 40.Kf2 Nd6 41.Rc6 Ne4+ 42.Ke3 Nc5
43.Rxb6 Rxa6  0-1

[Event "FSGM April"]
[Site "Budapest HUN"]
[Date "2001.04.13"]
[Round "7"]
[White "Narciso Dublan,M"]
[Black "Lanzani,M"]
[Result "1-0"]
[WhiteElo "2544"]
[BlackElo "2399"]

1.d4 Nf6 2.c4 e6 3.Nc3 Bb4 4.Qc2 O-O 5.a3 Bxc3+ 6.Qxc3 b6 7.Bg5 Bb7 8.e3 h6
9.Bh4 d6 10.f3 Nbd7 11.Bd3 c5 12.Ne2 Rc8 13.Qb3 d5 14.cxd5 Bxd5 15.Qd1 cxd4
16.Nxd4 Bc4 17.O-O Ne5 18.Bxc4 Rxc4 19.Qe2 Rc5 20.Rfd1 Qe7 21.Bg3 Nc6 22.Nb3 Rd5
23.Rdc1 Qb7 24.Rc2 Nh5 25.Bh4 Rc8 26.Rac1 Ne7 27.Rxc8+ Nxc8 28.Rc3 Ne7 29.Qc2 Ng6
30.Rc8+ Kh7 31.g4 Rd1+ 32.Qxd1 Qxc8 33.Bf2 Nf6 34.Nd4 Ne5 35.Bg3 Qc5 36.Kg2 g6
37.b4 Qd5 38.e4 Nexg4 39.fxg4 Qxe4+ 40.Kh3 e5 41.Qf3  1-0

[Event "Osteropen"]
[Site "Essen-Borbeck GER"]
[Date "2001.04.15"]
[Round "8"]
[White "Koenig,C"]
[Black "Friedrichs,K"]
[Result "1/2-1/2"]
[WhiteElo "2168"]
[BlackElo "2348"]

1.d4 Nf6 2.c4 e6 3.Nc3 Bb4 4.Qc2 O-O 5.a3 Bxc3+ 6.Qxc3 b6 7.Nf3 Ne4 8.Qc2 Bb7
9.g3 f5 10.Bg2 Nf6 11.O-O Be4 12.Qc3 d6 13.b4 Nbd7 14.Bb2 Qe7 15.Rfe1 Rae8
16.Qb3 Kh8 17.Rad1 f4 18.gxf4 Nh5 19.e3 Rf6 20.Ng5 Bxg2 21.Kxg2 e5 22.dxe5 Rg6
23.exd6 cxd6 24.Qd3 Ne5 25.Bxe5 dxe5 26.Qf5 Rf8 27.Qe4 Nf6  1/2-1/2

[Event "Solett Open"]
[Site "Skelleftea SWE"]
[Date "2001.04.16"]
[Round "9"]
[White "Kiriakov,P"]
[Black "Sax,G"]
[Result "1/2-1/2"]
[WhiteElo "2546"]
[BlackElo "2563"]

1.d4 Nf6 2.c4 e6 3.Nc3 Bb4 4.Qc2 O-O 5.a3 Bxc3+ 6.Qxc3 b6 7.Bg5 Ba6 8.e3 d6
9.Nf3 Nbd7 10.b4 c5 11.dxc5  1/2-1/2

[Event "Classics IMA"]
[Site "Gausdal NOR"]
[Date "2001.04.18"]
[Round "4"]
[White "Lahlum,H"]
[Black "Caoili,A"]
[Result "1-0"]
[WhiteElo "2233"]
[BlackElo "2140"]

1.d4 Nf6 2.c4 e6 3.Nc3 Bb4 4.Qc2 O-O 5.a3 Bxc3+ 6.Qxc3 b6 7.Bg5 h6 8.Bh4 Bb7
9.Nf3 d6 10.Nd2 Nbd7 11.f3 d5 12.c5 bxc5 13.dxc5 c6 14.e3 a5 15.b3 e5 16.Qc2 Qe7
17.Rc1 Rfb8 18.Bd3 Ba6 19.Bxa6 Rxa6 20.a4 Rb4 21.Bxf6 Nxf6 22.O-O Nd7 23.e4 d4
24.g3 Ra8 25.f4 exf4 26.gxf4 Nf6 27.Qd3 Nd7 28.Qc2 Qh4 29.e5 Rd8 30.Qd3 Nf8
31.Kh1 Ne6 32.f5 Nc7 33.Rg1 Rd5 34.f6 g5 35.Nf3 Qh5 36.Qf5 Ne6 37.Rg3 Rxb3
38.Rcg1 Rb2 39.h4 d3 40.Nxg5 Qxh4+ 41.Nh3+ Ng5 42.Rxg5+ hxg5 43.Rxg5+ Qxg5
44.Nxg5  1-0

[Event "3rd Rector Cup"]
[Site "Kharkov RUS"]
[Date "2001.04.19"]
[Round "2"]
[White "Turov,M"]
[Black "Zubarev,A1"]
[Result "1-0"]
[WhiteElo "2553"]
[BlackElo "2460"]

1.d4 Nf6 2.c4 e6 3.Nc3 Bb4 4.Qc2 O-O 5.a3 Bxc3+ 6.Qxc3 d6 7.f3 Nbd7 8.e4 e5
9.Be3 a5 10.Rd1 Qe7 11.Ne2 c5 12.dxe5 Nxe5 13.Ng3 a4 14.Be2 Ra6 15.O-O Rb6
16.h3 Qc7 17.Qd2 Rb3 18.Rf2 Qb6 19.Bf1 Be6 20.Bg5 Nfd7 21.Qxd6 Qxd6 22.Rxd6 Nb6
23.Rc2 Nc6 24.Ne2 Bxc4 25.Nc1 Bxf1 26.Kxf1 f6 27.Bf4 Rb5 28.Be3 Rc8 29.Nd3 c4
30.Nf4 c3 31.Rxc3 Rxb2 32.Nd5 Na8 33.Rdxc6 Rxc6 34.Ne7+ Kf7 35.Nxc6 bxc6
36.Rxc6 Kg6 37.Rc4 Nb6 38.Bxb6 Rxb6 39.Rxa4 Kg5 40.Kf2 h5 41.Ra5+ Kg6 42.h4 Kh6
43.Kg3 g5 44.e5 gxh4+ 45.Kxh4 fxe5 46.Rxe5 Ra6 47.Rxh5+ Kg6 48.Rb5 Rxa3 49.f4  1-0

[Event "3rd Rector Cup"]
[Site "Kharkov RUS"]
[Date "2001.04.24"]
[Round "9"]
[White "Turov,M"]
[Black "Pelletier,Y"]
[Result "1/2-1/2"]
[WhiteElo "2553"]
[BlackElo "2531"]

1.d4 Nf6 2.c4 e6 3.Nc3 Bb4 4.Qc2 O-O 5.a3 Bxc3+ 6.Qxc3 b6 7.Bg5 Bb7 8.f3 h6
9.Bh4 d5 10.cxd5 exd5 11.e3 Re8 12.Bf2 c5 13.Bb5 Bc6 14.Bd3 cxd4 15.Qxd4 Bd7
16.Ne2 Nc6 17.Qc3 Ne5 18.O-O Rc8 19.Qd2 Nc4 20.Bxc4 dxc4 21.e4 Be6 22.Qc3 Qd3
23.Nd4 Qxc3 24.bxc3 Bd7 25.a4 Re5 26.Nb5 Bxb5 27.axb5 Rxb5 28.Rxa7 Rb3 29.Bd4 Ne8
30.Rd1 Nc7 31.Be5 Nb5 32.Rb7 Re8 33.Rd5 Nxc3 34.Bxc3 Rxc3 35.Rdd7 Rc1+ 36.Kf2 Rc2+
37.Kg3 Re6 38.Rxf7 Rg6+ 39.Kf4 Rcxg2 40.Rfc7 Rxh2 41.Rxc4 Rh3 42.Rcc7 Kh7
43.e5 Rh4+ 44.Ke3 Rb4 45.Rf7 h5 46.Kd3 h4 47.e6 Rxe6 48.Rxg7+ Kh6 49.Rbf7 Rg6
50.Rh7+ Kg5 51.Rh8 Rf6 52.Rg7+ Kf5 53.Rgh7 Rb3+ 54.Kc4 Rxf3 55.Rxh4 Ke5 56.R4h5+  1/2-1/2

[Event "Zone 3.2a Playoff g25/10"]
[Site "Manila PHI"]
[Date "2001.04.26"]
[Round "4"]
[White "Dao Thien Hai"]
[Black "Adianto,U"]
[Result "1/2-1/2"]
[WhiteElo "2564"]
[BlackElo "2589"]

1.d4 Nf6 2.c4 e6 3.Nc3 Bb4 4.Qc2 O-O 5.a3 Bxc3+ 6.Qxc3 b6 7.Bg5 Bb7 8.e3 d6
9.f3 Nbd7 10.Bd3 c5 11.Ne2 h6 12.Bh4 Rc8 13.Qb3 d5 14.cxd5 Bxd5 15.Qd1 cxd4
16.exd4 Bc4 17.O-O Bxd3 18.Qxd3 Ne5 19.Qb3 Ng6 20.Bg3 Nd5 21.Rac1 Qg5 22.Qd3 Rxc1
23.Rxc1 h5 24.Rf1 h4 25.f4 Qf6 26.Be1 Ngxf4 27.Nxf4 Nxf4 28.Qf3 Qxd4+ 29.Bf2 Qc4
30.Bxh4 Nxg2 31.Be7 Nh4 32.Qf2 Qg4+ 33.Kh1 Qe4+ 34.Kg1 f5 35.Qxh4 Qxh4 36.Bxh4 Rc8
37.Bg3 Rc5 38.Rd1 Kf7 39.Rd7+ Kf6 40.Be1 Rc1 41.Kf2 e5 42.Bc3 Rc2+ 43.Kg1 Re2
44.Rxa7 g5 45.Rb7 f4 46.Rxb6+ Kf5 47.Rb5 g4 48.Bxe5 Rxe5 49.Rxe5+ Kxe5 50.Kf2 Kd4
51.b4 Kc4 52.Kg2 Kd3 53.Kf2 Kc4 54.Ke2 Kb5 55.Kf2 Kc4 56.Kg2  1/2-1/2

[Event "FSIMA May"]
[Site "Budapest HUN"]
[Date "2001.05.05"]
[Round "1"]
[White "Yu Mingyuan"]
[Black "Jakab,A"]
[Result "1-0"]
[WhiteElo "2277"]
[BlackElo "2363"]

1.d4 Nf6 2.c4 e6 3.Nc3 Bb4 4.Qc2 O-O 5.a3 Bxc3+ 6.Qxc3 b6 7.Bg5 Bb7 8.f3 d5
9.e3 Nbd7 10.cxd5 exd5 11.Bd3 c5 12.Ne2 h6 13.Bh4 Re8 14.Bf2 Qe7 15.O-O Nf8
16.Rfe1 Ne6 17.Rac1 c4 18.Bb1 b5 19.Qa5 a6 20.Ng3 g6 21.h3 Qd7 22.Rcd1 Ng5
23.h4 Ne6 24.h5 Kg7 25.Qc3 Ng5 26.hxg6 fxg6 27.Ne2 Nh5 28.Qc2 Qf7 29.Nc3 Rad8
30.Bh4 Rd6 31.Qf2 a5 32.Nxb5 Rf6 33.Rf1 Rxf3 34.Qc2 Rxf1+ 35.Rxf1 Qe6 36.Nc7 Qxe3+
37.Bf2 Nh3+ 38.gxh3 Qg5+ 39.Kh1 Nf4 40.Nxe8+  1-0

[Event "FSIMA May"]
[Site "Budapest HUN"]
[Date "2001.05.05"]
[Round "1"]
[White "Xu Hanbing"]
[Black "Sendur,A"]
[Result "0-1"]
[WhiteElo "2235"]
[BlackElo "2303"]

1.d4 Nf6 2.c4 e6 3.Nc3 Bb4 4.Qc2 O-O 5.a3 Bxc3+ 6.Qxc3 h6 7.g3 d5 8.Bg2 dxc4
9.Qxc4 Nc6 10.Nf3 Bd7 11.O-O Nd5 12.Rd1 a5 13.b3 a4 14.b4 f5 15.Bf4 Qe8 16.Ne5 Nxe5
17.Bxe5 Bc6 18.Rab1 Nb6 19.Qc5 Bxg2 20.Kxg2 Nd5 21.Rbc1 Qh5 22.Qc2 c6 23.Qd3 Rf7
24.Rc5 f4 25.Qf3 Qg6 26.Qd3 Qh5 27.Qf3 Qg6 28.Qd3 Rf5 29.Rxd5 exd5 30.Bxf4 Re8
31.Be5 Ref8 32.f3 Qe6 33.g4 R5f7 34.Qc2 b6 35.Rc1 Rc8 36.Qxa4 c5 37.bxc5 bxc5
38.Qb5 h5 39.h3 c4 40.Rc3 hxg4 41.hxg4 Ra7 42.Kg3 Rca8 43.Qb4 Ra6 44.Kg2 Rb6
45.Qc5 Rc8 46.Qa5 Rb2 47.Kf2 Qc6 48.Qa7 Rb7 49.Qa5 Qd7 50.Qa6 Kf7 51.Qa5 Qc6
52.Ke3 Rh8 53.Kf2 Rh1 54.Qc5 Rh6 55.e4 Qxc5 56.dxc5 Ke6 57.Bd4 Rh2+ 58.Ke3 g5
59.Rc1 Rb3+ 60.Bc3 Rxa3 61.Kd4 Rd2+  0-1

[Event "FSIMA May"]
[Site "Budapest HUN"]
[Date "2001.05.09"]
[Round "5"]
[White "Yu Mingyuan"]
[Black "Sinkovics,P"]
[Result "1/2-1/2"]
[WhiteElo "2277"]
[BlackElo "2317"]

1.d4 Nf6 2.c4 e6 3.Nc3 Bb4 4.Qc2 O-O 5.a3 Bxc3+ 6.Qxc3 b6 7.Bg5 Bb7 8.f3 h6
9.Bh4 d5 10.e3 Nbd7 11.cxd5 Nxd5 12.Bxd8 Nxc3 13.Bh4 Nd5 14.Bf2 c5 15.Bb5 Rad8
16.Ne2 cxd4 17.exd4 N7f6 18.O-O a6 19.Bd3 Rc8 20.Rfd1 Rfd8 21.Bg3 b5 22.Rdc1 Ne3
23.Bc7 Rd7 24.Be5 Nc4 25.Bxc4 Rxc4 26.Bxf6 Rxc1+ 27.Rxc1 gxf6 28.Kf2 Kg7
29.Ke3 Bd5 30.Rc8 Bc4 31.Nf4 e5 32.dxe5 fxe5 33.Nh5+ Kg6 34.g4 f5 35.h4 Rd3+
36.Kf2 Rd2+ 37.Ke1 Re2+ 38.Kd1 fxg4 39.fxg4 Rxb2 40.Rc7 Bf7 41.Rc6+ Kh7 42.Rxa6  1/2-1/2

[Event "54th ch-RUS"]
[Site "Elista RUS"]
[Date "2001.05.09"]
[Round "9"]
[White "Shipov,S"]
[Black "Ionov,S"]
[Result "1/2-1/2"]
[WhiteElo "2640"]
[BlackElo "2505"]

1.d4 Nf6 2.c4 e6 3.Nc3 Bb4 4.Qc2 O-O 5.a3 Bxc3+ 6.Qxc3 b6 7.Bg5 Bb7 8.f3 h6
9.Bh4 d5 10.e3 Nbd7 11.cxd5 Nxd5 12.Bxd8 Nxc3 13.Bh4 Nd5 14.Bf2 c5 15.Bb5 Rfd8
16.Ne2 cxd4 17.Nxd4 a6 18.Be2 Rac8 19.Rd1 Ne5 20.O-O b5 21.Rd2 Nc4 22.Bxc4 bxc4
23.Rc2 a5 24.Ne2 f5 25.Nd4 Rd6 26.Rfc1 Ba6 27.Bg3 Rb6 28.Kf2 a4 29.e4 fxe4
30.fxe4 Rf8+ 31.Nf3 Nf6 32.Re1 c3 33.Rxc3 Rxb2+ 34.Kg1 Rc8 35.Rxc8+  1/2-1/2

[Event "FSIMA May"]
[Site "Budapest HUN"]
[Date "2001.05.11"]
[Round "7"]
[White "Jakab,A"]
[Black "Galyas,M"]
[Result "1/2-1/2"]
[WhiteElo "2363"]
[BlackElo "2371"]

1.d4 Nf6 2.c4 e6 3.Nc3 Bb4 4.Qc2 O-O 5.a3 Bxc3+ 6.Qxc3 b6 7.Nf3 Bb7 8.g3 d6
9.Bg2 Nbd7 10.O-O Qe7 11.b3 c5 12.Bb2 cxd4 13.Qxd4 e5 14.Qc3 Nc5 15.Rad1 Rac8
16.Qc2  1/2-1/2

[Event "FSIMB May"]
[Site "Budapest HUN"]
[Date "2001.05.12"]
[Round "8"]
[White "Kaposztas,M"]
[Black "Wang Shuai"]
[Result "0-1"]
[WhiteElo "2273"]
[BlackElo "2156"]

1.d4 Nf6 2.c4 e6 3.Nc3 Bb4 4.Qc2 O-O 5.Nf3 c5 6.dxc5 Na6 7.a3 Bxc3+ 8.Qxc3 Nxc5
9.Bf4 d6 10.e3 Nce4 11.Qc2 e5 12.Bg3 Bf5 13.Qd1 Qb6 14.b4 a5 15.b5 a4 16.Nd2 Rfd8
17.Qc1 d5 18.c5 Qa5 19.f3 Nxg3 20.hxg3 e4 21.Kf2 Rac8 22.Be2 Nd7 23.fxe4 Nxc5
24.Qb2 Bxe4 25.Rac1 Bg6 26.Rhd1 Qc7 27.Qd4 b6 28.Qf4 Qe7 29.Nf3 Ne4+ 30.Kg1 Nc3
31.Nd4 Nxd1 32.Rxd1 Qxa3 33.Nc6 Re8 34.Bg4 Rb8 35.Bf5 Qxe3+ 36.Qxe3 Rxe3
37.Rxd5 Bxf5 38.Rxf5 a3 39.Rf1 a2 40.Kf2 Rb3 41.Nd4 Rb2+  0-1

[Event "ch-LTU"]
[Site "Kaunas LTU"]
[Date "2001.05.14"]
[Round "6"]
[White "Ruzele,D"]
[Black "Butnorius,A"]
[Result "1/2-1/2"]
[WhiteElo "2550"]
[BlackElo "2435"]

1.d4 Nf6 2.c4 e6 3.Nc3 Bb4 4.Qc2 O-O 5.a3 Bxc3+ 6.Qxc3 b6 7.Bg5 Bb7 8.f3 h6
9.Bh4 d5 10.e3 Re8 11.Bd3 Nbd7 12.cxd5 Nxd5 13.Bxd8 Nxc3 14.Bh4 Nd5 15.Kf2 e5  1/2-1/2

[Event "ch-LTU"]
[Site "Kaunas LTU"]
[Date "2001.05.14"]
[Round "6"]
[White "Sakalauskas,V"]
[Black "Sulskis,S"]
[Result "0-1"]
[WhiteElo "2437"]
[BlackElo "2530"]

1.d4 Nf6 2.c4 e6 3.Nc3 Bb4 4.Qc2 O-O 5.a3 Bxc3+ 6.Qxc3 b6 7.Bg5 Bb7 8.f3 c5
9.dxc5 bxc5 10.e3 a5 11.Ne2 Ra6 12.Qc2 h6 13.Bh4 d5 14.Rd1 Re8 15.Bf2 Nbd7
16.Nc3 Qa8 17.Be2 Rb6 18.O-O Bc6 19.Rd2 a4 20.Bg3 Rb3 21.Qc1 Nb6 22.Bd6 Nfd7
23.cxd5 exd5 24.Bd1 Nc4 25.Bxb3 axb3 26.Bg3 Nxd2 27.Qxd2 Nb6 28.Bf2 Nc4 29.Qc1 Re6
30.Rd1 d4 31.exd4 Bxf3 32.gxf3 Qxf3 33.Bg3 Ne3 34.Rd2 cxd4 35.Rf2 Qc6 36.Ne2 d3
37.Qxc6 Rxc6 38.Nc3 Rxc3 39.bxc3 Nc4 40.a4 d2  0-1

[Event "TCh-RUS"]
[Site "Tomsk RUS"]
[Date "2001.05.16"]
[Round "4"]
[White "Shushpanov,R"]
[Black "Prokopchuk,E"]
[Result "1/2-1/2"]
[WhiteElo "2370"]
[BlackElo "2508"]

1.d4 Nf6 2.c4 e6 3.Nc3 Bb4 4.Qc2 O-O 5.Nf3 c5 6.dxc5 Na6 7.Bd2 Nxc5 8.e3 b6
9.Be2 Bb7 10.O-O Rc8 11.Rfd1 Qe7 12.Be1 a5 13.Rac1 Rfd8 14.Qb1 Nfe4 15.Nb5 Bxe1
16.Rxe1 Qf6 17.Red1 d5 18.cxd5 Bxd5 19.Nc3 Bb7 20.Rxd8+ Rxd8 21.Nxe4 Bxe4
22.Qa1 g6 23.Nd4 e5 24.Nb5 Rd2 25.Nc3 Bd3 26.Re1 e4 27.f4 Qd6 28.Bd1 Ba6
29.Qc1 b5 30.Bc2 f5 31.Ne2 Rd5 32.Nd4 b4 33.Bb3 Nxb3 34.axb3 Rc5 35.Qd2 Bd3
36.Rc1 Qc7 37.Rxc5 Qxc5 38.Kf2  1/2-1/2

[Event "XXVI Elekes Mem IM"]
[Site "Budapest HUN"]
[Date "2001.05.21"]
[Round "1"]
[White "Yu Mingyuan"]
[Black "Lorincz,I"]
[Result "1/2-1/2"]
[WhiteElo "2277"]
[BlackElo "2350"]

1.d4 Nf6 2.c4 e6 3.Nc3 Bb4 4.Qc2 O-O 5.a3 Bxc3+ 6.Qxc3 d5 7.Bg5 Nbd7 8.e3 h6
9.Bh4 c6 10.Nf3 g5 11.Bg3 Ne4 12.Qc2 Kg7 13.Bd3 Nxg3 14.hxg3 dxc4 15.Bxc4 b5
16.Ba2 Bb7 17.O-O Qf6 18.Rad1 Rfc8 19.Bb1 Kf8 20.Ne5 Nxe5 21.Qc5+ Qe7 22.Qxe5 f6
23.Qe4 c5 24.Qg6 cxd4 25.Rxd4 Rd8 26.Qxh6+ Qg7 27.Qxg7+ Kxg7 28.Rfd1 Rxd4
29.Rxd4 Bd5 30.e4 Bc4 31.Rd7+ Kf8 32.f4 a5 33.e5 gxf4 34.exf6 e5 35.gxf4 exf4
36.Rh7 Ra6 37.Rh6 b4 38.Be4 bxa3 39.bxa3 Kf7 40.Bg6+ Ke6 41.Bh5 Ra8 42.f7+ Ke7
43.Rc6 Bd5 44.Rc5 Be6 45.Re5 Kf6 46.Rxa5 Rf8 47.Ra6 Kf5 48.Bd1 Bxf7 49.Bc2+ Kg5
50.Ra5+ Kh4 51.Bd1 Bg6 52.Bf3 Bf5 53.Kf2 Bg4 54.Ra8 Rxa8 55.Bxa8 Bd7 56.Bd5 Ba4
57.Bf3 Kg5 58.Ke1 Kh4 59.Kf2 Kg5 60.Ke2 Kh4 61.Kd3 Bb5+ 62.Ke4 Kg3 63.Ke5 Ba4  1/2-1/2

[Event "TCh-YUG Women"]
[Site "Herceg Novi YUG"]
[Date "2001.05.21"]
[Round "8"]
[White "Matveeva,S"]
[Black "Stojanovski,I"]
[Result "1-0"]
[WhiteElo "2430"]
[BlackElo "2255"]

1.d4 Nf6 2.c4 e6 3.Nc3 Bb4 4.Qc2 O-O 5.a3 Bxc3+ 6.Qxc3 b6 7.Bg5 Bb7 8.f3 h6
9.Bh4 d5 10.e3 Nbd7 11.cxd5 exd5 12.Bd3 Re8 13.Ne2 c5 14.Bf2 Rc8 15.Qd2 cxd4
16.exd4 Nb8 17.b4 Nc6 18.O-O Rc7 19.g4 Ne7 20.Bg3 Rd7 21.h4 a6 22.Nf4 g6
23.h5 Kg7 24.hxg6 Nxg6 25.Bxg6 fxg6 26.Qc2  1-0

[Event "TCh-YUG"]
[Site "Herceg Novi YUG"]
[Date "2001.05.23"]
[Round "10"]
[White "Drasko,M"]
[Black "Perunovic,Mil"]
[Result "1/2-1/2"]
[WhiteElo "2521"]
[BlackElo "2471"]

1.d4 Nf6 2.c4 e6 3.Nc3 Bb4 4.Qc2 O-O 5.a3 Bxc3+ 6.Qxc3 b6 7.Bg5 Ba6 8.Nf3 d6
9.Nd2 Nbd7 10.e3 h6 11.Bh4 c5 12.dxc5 bxc5 13.Bd3 Ne5 14.Bc2 Ng6 15.Bxf6 Qxf6
16.Qxf6 gxf6 17.O-O-O f5 18.f4 Rab8 19.h3 h5 20.g3 Kg7 21.Rhe1 Rb6 22.e4 fxe4
23.Nxe4 Bxc4 24.Nxd6 Bd5 25.Nf5+ Kg8 26.Ne3 Ne7 27.Nxd5 Nxd5 28.Re5 Rfb8
29.b3 h4 30.f5 hxg3 31.fxe6 fxe6 32.Rg1 R8b7 33.Rxg3+ Rg7 34.Reg5 Rxg5 35.Rxg5+ Kf7
36.h4 Rb8 37.h5 Rh8 38.Kd2 Rh6 39.Bg6+ Kf6 40.Rg4 Ne7 41.Rf4+ Ke5 42.Re4+ Kf6
43.Rf4+  1/2-1/2

[Event "6th Stuttgart Open"]
[Site "Ditzingen GER"]
[Date "2001.05.24"]
[Round "2"]
[White "Wiley,To"]
[Black "Heining,T"]
[Result "1-0"]
[WhiteElo "2273"]
[BlackElo "2082"]

1.d4 Nf6 2.c4 e6 3.Nc3 Bb4 4.Qc2 O-O 5.a3 Bxc3+ 6.Qxc3 b6 7.Bg5 Ba6 8.e3 d6
9.Bd3 Nbd7 10.Nf3 c5 11.O-O Rc8 12.Qb3 cxd4 13.exd4 e5 14.Bxf6 Qxf6 15.Qa4 Nb8
16.Rad1 Rc7 17.Rfe1 Re7 18.dxe5 dxe5 19.Be4 Bc8 20.b4 Bf5 21.c5 Bxe4 22.Rxe4 bxc5
23.bxc5 Qf5 24.c6 f6 25.Rd6 Rc7 26.Qb3+ Kh8 27.Qd5 Qc8 28.Rc4 Qa6 29.a4  1-0

[Event "XXVI Elekes Mem IM"]
[Site "Budapest HUN"]
[Date "2001.05.25"]
[Round "5"]
[White "Yu Mingyuan"]
[Black "Wang Shuai"]
[Result "1/2-1/2"]
[WhiteElo "2277"]
[BlackElo "2156"]

1.d4 Nf6 2.c4 e6 3.Nc3 Bb4 4.Qc2 O-O 5.a3 Bxc3+ 6.Qxc3 b6 7.Bg5 h6 8.Bh4 c5
9.dxc5 bxc5 10.Nf3 Nc6 11.Rd1 Ne4 12.Qc2 Qa5+ 13.Nd2 d5 14.e3 Ne5 15.f3 Nxd2
16.Qxd2 Qa4 17.Be7 Re8 18.Bxc5  1/2-1/2

[Event "XXVI Elekes Mem IM"]
[Site "Budapest HUN"]
[Date "2001.05.26"]
[Round "6"]
[White "Orso,M"]
[Black "Orso,J"]
[Result "0-1"]
[WhiteElo "2386"]
[BlackElo "2249"]

1.d4 Nf6 2.c4 e6 3.Nc3 Bb4 4.Qc2 O-O 5.Nf3 c5 6.dxc5 Na6 7.a3 Bxc3+ 8.Qxc3 Nxc5
9.Bf4 d6 10.e3 Nce4 11.Qc2 e5 12.Bg3 Bf5 13.Qd1 Qb6 14.b4 a5 15.b5 a4 16.Nd2 Rfd8
17.Qc1 d5 18.c5 Qa5 19.Bxe5 Ng4 20.Bg3 d4 21.exd4 Rxd4 22.Ra2 Rad8 23.Bf4 Nc3  0-1

[Event "XXVI Elekes Mem IM"]
[Site "Budapest HUN"]
[Date "2001.05.27"]
[Round "7"]
[White "Yu Mingyuan"]
[Black "Galyas,M"]
[Result "1/2-1/2"]
[WhiteElo "2277"]
[BlackElo "2371"]

1.d4 Nf6 2.c4 e6 3.Nc3 Bb4 4.Qc2 O-O 5.a3 Bxc3+ 6.Qxc3 Ne4 7.Qc2 f5 8.Nf3 b6
9.g3 Bb7 10.Bg2 Nf6 11.O-O Be4 12.Qc3 Qe8 13.Bg5 Qh5 14.Bxf6  1/2-1/2

[Event "XXVI Elekes Mem GM"]
[Site "Budapest HUN"]
[Date "2001.05.31"]
[Round "11"]
[White "Hoang Thanh Trang"]
[Black "Danner,G"]
[Result "1/2-1/2"]
[WhiteElo "2465"]
[BlackElo "2453"]

1.d4 Nf6 2.c4 e6 3.Nc3 Bb4 4.Qc2 O-O 5.a3 Bxc3+ 6.Qxc3 Ne4 7.Qc2 f5 8.Nh3 d6
9.f3 Nf6 10.e3 e5 11.dxe5 dxe5 12.Nf2 Qe7 13.Be2 Nc6 14.O-O a5  1/2-1/2

[Event "FSIM June"]
[Site "Budapest HUN"]
[Date "2001.06.03"]
[Round "2"]
[White "Kaposztas,M"]
[Black "Yu Mingyuan"]
[Result "1/2-1/2"]
[WhiteElo "2273"]
[BlackElo "2277"]

1.d4 Nf6 2.c4 e6 3.Nc3 Bb4 4.Qc2 O-O 5.a3 Bxc3+ 6.Qxc3 b6 7.Nf3 c5 8.g3 Bb7
9.Bg2 d6 10.O-O Nbd7 11.dxc5 Nxc5 12.b4 Nce4 13.Qb3 Rc8 14.Bb2 Qc7 15.Rac1 Ba6
16.b5 Bb7 17.a4 a5 18.h3 e5 19.Ba3 Rfd8 20.Rfd1 Ba8 21.Qa2 Nc5 22.Bb2 Qe7
23.Qa3 h6 24.Nh4 Bxg2 25.Nxg2 Qe6 26.g4 d5 27.cxd5 Nxd5 28.Qg3 Re8 29.Qf3 Nxa4
30.Rxd5 Nxb2 31.Rxc8 Rxc8 32.Ne3 a4 33.Nf5 Nc4 34.Qd3 Qf6 35.Rd7 Kh8 36.Ne7 Re8  1/2-1/2

[Event "FSGM June"]
[Site "Budapest HUN"]
[Date "2001.06.08"]
[Round "7"]
[White "Hoang Thanh Trang"]
[Black "Jakab,A"]
[Result "1-0"]
[WhiteElo "2465"]
[BlackElo "2363"]

1.d4 Nf6 2.c4 e6 3.Nc3 Bb4 4.Qc2 O-O 5.e4 d5 6.e5 Ne4 7.a3 Bxc3+ 8.bxc3 c5
9.Bb2 cxd4 10.cxd4 Bd7 11.Bd3 Qa5+ 12.Ke2 Rc8 13.f3 f5 14.exf6 Nxf6 15.c5 Nc6
16.f4 Qc7 17.g3 Be8 18.Nf3 Bh5 19.Rhe1 g5 20.fxg5 Ne4 21.Bxe4 dxe4 22.Qxe4 Rf8
23.g4 Rf4 24.Qxe6+ Bf7 25.Qd6 Bc4+ 26.Ke3 Qxd6 27.cxd6 Rxg4 28.Rg1 Rxg1 29.Rxg1 Rd8
30.Ne5 Bd5 31.Ng4 Rxd6 32.Nf6+ Kh8 33.a4 Na5 34.Kf4 Nc4 35.Bc3 a5 36.Re1 Rd8
37.Re7  1-0

[Event "FSIM June"]
[Site "Budapest HUN"]
[Date "2001.06.10"]
[Round "9"]
[White "Yu Mingyuan"]
[Black "Dub,Z"]
[Result "0-1"]
[WhiteElo "2277"]
[BlackElo "2301"]

1.d4 Nf6 2.c4 e6 3.Nc3 Bb4 4.Qc2 O-O 5.a3 Bxc3+ 6.Qxc3 b6 7.Bg5 c5 8.dxc5 bxc5
9.Nf3 d6 10.Bxf6 Qxf6 11.Qxf6 gxf6 12.O-O-O Rd8 13.h4 Kf8 14.Rh3 Nc6 15.h5 h6
16.Nh2 f5 17.f4 Rb8 18.Rc3 Ba6 19.e3 Ke7 20.g4 fxg4 21.Nxg4 f5 22.Nh2 Na5
23.Kc2 Rb6 24.Rb1 Rdb8 25.b3 Bb7 26.Bd3 Rg8 27.Re1 Bc6 28.Nf1 Rg2+ 29.Re2 Rg1
30.Rh2 Rg8 31.Nd2 Rgb8 32.Kb2 d5 33.Rg2 d4 34.Rg7+ Kf8 35.exd4 cxd4  0-1

[Event "FSGM June"]
[Site "Budapest HUN"]
[Date "2001.06.14"]
[Round "13"]
[White "Jakab,A"]
[Black "Kallio,H"]
[Result "0-1"]
[WhiteElo "2363"]
[BlackElo "2410"]

1.d4 Nf6 2.c4 e6 3.Nc3 Bb4 4.Qc2 O-O 5.a3 Bxc3+ 6.Qxc3 b6 7.Nf3 Bb7 8.g3 d6
9.Bg2 Nbd7 10.b3 Qe7 11.O-O a5 12.Bb2 Be4 13.Rfd1 a4 14.b4 b5 15.Nd2 Bxg2
16.Kxg2 bxc4 17.Qxc4 Nb6 18.Qc6 Ra7 19.Rac1 Rb8 20.e4 d5 21.e5 Nfd7 22.Qc3 Rab7
23.f4 Nc8 24.Nf1 Qe8 25.Ne3 Ne7 26.Qd3 c6 27.Rc2 Nb6 28.Bc1 Qd7 29.g4 Rf8
30.Rf1 f5 31.g5 h6 32.h4 hxg5 33.hxg5 Kf7 34.Rh1 Rbb8 35.Kg3 Rh8 36.Rch2 Rxh2
37.Rxh2 Qb7 38.Qe2 Qc8 39.Rh7 Ng6 40.Qc2 Kg8 41.Rh1 Qd7 42.Rh2 Ra8 43.Rh1 Nc8
44.Nd1 Qb7 45.Nb2 Qb5 46.Nd3 Qc4 47.Qxc4 dxc4 48.Nc5 Kf7 49.Rh2 Nb6 50.b5 cxb5
51.Rb2 Ne7 52.Rxb5 Ned5 53.Bd2 Rc8 54.Ba5 Rc6 55.Rb1 c3 56.Rc1 Nc4 57.Bxc3 Nxa3
58.Bb2 Nb5 59.Rb1 a3 60.Ba1 Ndc7 61.Rb3 Rb6 62.Rb1 Rb8 63.Rb4 Ra8 64.Rb3 Ke7
65.Kg2 a2 66.g6 Ra3 67.Rxa3 Nxa3 68.Bb2 Nc4 69.Ba1 Nd5 70.Kf3 Nd2+ 71.Ke2 Ne4
72.Nd3 Kd7 73.Nc1 Nxf4+ 74.Kf3 Nxg6 75.Nxa2 Nh4+ 76.Ke3 g5 77.Nb4 Ng2+ 78.Kf3 Nf4
79.Bb2 Nd5 80.Nd3 Nd2+ 81.Ke2 Nb3  0-1

[Event "5th Open"]
[Site "Voronezh RUS"]
[Date "2001.06.14"]
[Round "3"]
[White "Zakharstov,V"]
[Black "Rodin,D"]
[Result "0-1"]
[WhiteElo "2484"]
[BlackElo "2413"]

1.d4 Nf6 2.c4 e6 3.Nc3 Bb4 4.Qc2 O-O 5.a3 Bxc3+ 6.Qxc3 b6 7.Bg5 Bb7 8.f3 c5
9.dxc5 bxc5 10.e3 d6 11.O-O-O Nc6 12.Nh3 Ne5 13.Be2 Rb8 14.Rd2 Qc7 15.Bxf6 gxf6
16.Nf4 Ba8 17.Nh5 Qe7 18.f4 Nd7 19.Bf3  0-1

[Event "Savic-Mauzer Mem"]
[Site "Bijeljina YUG"]
[Date "2001.06.18"]
[Round "3"]
[White "Cosma,I"]
[Black "Milu,R"]
[Result "1/2-1/2"]
[WhiteElo "2467"]
[BlackElo "2433"]

1.d4 Nf6 2.c4 e6 3.Nc3 Bb4 4.Qc2 O-O 5.a3 Bxc3+ 6.Qxc3 b6 7.Bg5 Bb7 8.f3 h6
9.Bh4 d5 10.e3 Nbd7 11.Nh3 c5 12.cxd5 Nxd5 13.Bxd8 Nxc3 14.Be7 Rfe8 15.Bh4 Nd5
16.Bb5 g5 17.Bf2 Red8 18.e4 N5f6 19.O-O-O Rac8 20.dxc5 Nxc5 21.Rxd8+ Rxd8
22.Bxc5 Rc8 23.Kd2 Rxc5 24.Be2 Nd7 25.Nf2  1/2-1/2

[Event "TCh-Europe Boys U18"]
[Site "Balatonlelle HUN"]
[Date "2001.06.23"]
[Round "2"]
[White "Djukic,Ni"]
[Black "Jakab,A"]
[Result "1-0"]
[WhiteElo "2382"]
[BlackElo "2363"]

1.d4 Nf6 2.c4 e6 3.Nc3 Bb4 4.Qc2 O-O 5.a3 Bxc3+ 6.Qxc3 b6 7.Bg5 Ba6 8.e3 d6
9.Bd3 Nbd7 10.Ne2 Rc8 11.Qc2 h6 12.Bh4 c5 13.Qa4 cxd4 14.exd4 Nb8 15.O-O d5
16.b3 Qd7 17.Qb4 Nc6 18.Qd2 dxc4 19.bxc4 Qe7 20.Ng3 Nb8 21.Rfe1 Rfe8 22.Nf5 Qf8
23.Nxh6+ gxh6 24.Bxf6 Nd7 25.Bh4 Bxc4 26.Re3 Bxd3 27.Rxd3 Rc4 28.Rg3+ Kh8
29.Rh3 Kg8 30.Bg3 Qg7 31.Rd1 Rec8 32.Bf4 Rc2 33.Qe1 Nf8 34.Bxh6 Qf6 35.Rg3+ Ng6
36.Bg5 Qf5 37.h4 Kf8 38.Qb4+ Kg8 39.Qe1 Kf8 40.h5 Ne7 41.h6 Nd5 42.Bd2 a5
43.Qe5 Qxe5 44.dxe5 R2c4 45.h7 Rh4 46.Rg8+  1-0

[Event "12th Open"]
[Site "Ljubljana SLO"]
[Date "2001.06.23"]
[Round "1"]
[White "Cerar,A"]
[Black "Sax,G"]
[Result "0-1"]
[WhiteElo "2019"]
[BlackElo "2563"]

1.d4 Nf6 2.c4 e6 3.Nc3 Bb4 4.Qc2 O-O 5.Nf3 d6 6.e3 b6 7.Bd2 Bb7 8.Be2 c5
9.O-O Nbd7 10.Rad1 Qe7 11.a3 Ba5 12.h3 Bxc3 13.Bxc3 Ne4 14.dxc5 bxc5 15.Kh2 f5
16.Nd2 Nxc3 17.Qxc3 f4 18.Bf3 Ne5 19.e4 a5 20.Rg1 Qh4 21.Rdf1 Rf6 22.Bd1 Rh6
23.Rh1 Qf6 24.Kg1 Qg6 25.Re1 a4 26.Kf1 Qf7 27.Nf3 Nxc4 28.Kg1 Nb6 29.Qd2 e5
30.Qc3 Qc4 31.Nd2 Qd4 32.Bf3  0-1

[Event "Narciso Yepes"]
[Site "Lorca ESP"]
[Date "2001.06.26"]
[Round "3"]
[White "Panelo,M"]
[Black "Palac,M"]
[Result "0-1"]
[WhiteElo "2259"]
[BlackElo "2605"]

1.d4 Nf6 2.c4 e6 3.Nc3 Bb4 4.Qc2 O-O 5.e4 d5 6.e5 Ne4 7.Bd3 c5 8.Ne2 cxd4
9.Nxd4 Nd7 10.cxd5 exd5 11.f4 Qh4+ 12.g3 Qh3 13.Bf1 Qh6 14.Bg2 Qa6 15.Nb5 Qxb5  0-1